00895cam a22002657i 4500020001500000020001800015082001500033100002300048245007100071250002100142260002900163300005300192650002900245650003000274650003000304650002900334650003000363700002600393700002600419700002900445700002800474942000800502999001500510952010400525 a1455741655 a978145574165604a616.07 BUR aBurtis.A.Carl952200aTietz Fundamentals of Clinical Chemistry and Molecular Diagnostics aSeventh edition. aSt.LouisbSaundersc2014 axxii, 1075 pages :billustrations (some color) ; 0aClinical chemistry.9523 0aMolecular diagnosis.952412aChemistry, Clinical.9525 7aClinical chemistry.9526 7aMolecular diagnosis.95271 aBurtis, Carl A.,95281 aBruns, David E.,95291 aSawyer, Barbara G.,95301 aTietz, Norbert W.,9531 cREF c4652d4652 0010708NFICaICbICcGENd2018-10-19l0o616.07 BURp007284r2018-10-19 00:00:00w2018-10-19yREF